000 00319nam a2200121Ia 4500
008 220217s9999||||xx |||||||||||||| ||und||
082 _a004.03 GUP
100 _aGupta,Vikash
245 0 _aEncyclopedia of computer cource kit
260 _aDream tech
_bBangalore
_c2006
300 _b0
650 _aCOMPUTER SCIENCE
999 _c174470
_d174470